[Event "ST-2022-0-00225"]
[Site "LSS email"]
[Date "2022.12.08"]
[Round "?"]
[White "Pascual Perez, Norge"]
[Black "Noskov, Vladimir Valentinov"]
[Result "1/2-1/2"]
[WhiteElo "2382"]
[BlackElo "2346"]
[PlyCount "49"]
[EventDate "2022.07.29"]
[EventType "tourn (corr)"]
[EventRounds "6"]
[EventCountry "GER"]
[SourceTitle "Corr 2024"]
[Source "ChessBase"]
[SourceDate "2023.10.19"]
[SourceVersion "1"]
[SourceVersionDate "2023.10.19"]
[SourceQuality "1"]

1. e4 e5 2. Nf3 Nc6 3. Bb5 Nf6 4. 0-0 Nxe4 5. Re1 Nd6 6. Nxe5 Be7 7. Bd3 Nxe5 8. Rxe5 0-0 9. Nc3 c6 10. Re1 Ne8 11. Qe2 Bh4 12. b3 Nc7 13. Qf3 d5 14. Ba3 Re8 15. Rxe8+ Nxe8 16. Re1 Bd7 17. g3 Bf6 18. h4 Rc8 19. Nd1 g6 20. Qf4 Nc7 21. Bb2 Bxb2 22. Nxb2 Ne6 23. Qe5 Qc7 24. Qf6 Qd8 25. Qe5 1/2-1/2

[Event "RM-2022-0-00271"]
[Site "LSS email"]
[Date "2022.10.24"]
[Round "?"]
[White "Sinka, Istvan"]
[Black "Pascual Perez, Norge"]
[Result "1/2-1/2"]
[WhiteElo "2420"]
[BlackElo "2391"]
[PlyCount "71"]
[EventDate "2022.06.20"]
[EventType "tourn (corr)"]
[EventRounds "6"]
[EventCountry "GER"]
[SourceTitle "Corr 2024"]
[Source "ChessBase"]
[SourceDate "2023.10.19"]
[SourceVersion "1"]
[SourceVersionDate "2023.10.19"]
[SourceQuality "1"]

1. e4 c5 2. c3 d5 3. exd5 Qxd5 4. d4 Nf6 5. Nf3 Nc6 6. Be3 Bg4 7. dxc5 e6 8. Be2 Qxd1+ 9. Bxd1 Nd5 10. Ba4 Nxe3 11. fxe3 Bxf3 12. gxf3 Bxc5 13. Bxc6+ bxc6 14. Ke2 0-0-0 15. Nd2 Rd5 16. f4 Be7 17. Nf3 Kc7 18. e4 Rh5 19. Rad1 Rb8 20. Rd2 c5 21. h4 Rd8 22. Rxd8 Kxd8 23. Kd3 Kc7 24. Kc4 f6 25. Rg1 g6 26. Kb5 Bd6 27. Rg4 Kb7 28. e5 fxe5 29. fxe5 a6+ 30. Kc4 Bxe5 31. Re4 Bd6 32. Rxe6 Kc7 33. Re4 Kd7 34. Ng5 Bg3 35. Nf3 Rf5 36. Nd2 1/2-1/2

[Event "ST-2022-0-00221"]
[Site "LSS email"]
[Date "2022.07.23"]
[Round "?"]
[White "Pascual Perez, Norge"]
[Black "Podvoysky, Evgeny"]
[Result "1/2-1/2"]
[WhiteElo "2401"]
[BlackElo "2310"]
[PlyCount "49"]
[EventDate "2022.04.07"]
[EventType "tourn (corr)"]
[EventRounds "6"]
[EventCountry "GER"]
[SourceTitle "Corr 2024"]
[Source "ChessBase"]
[SourceDate "2023.10.19"]
[SourceVersion "1"]
[SourceVersionDate "2023.10.19"]
[SourceQuality "1"]

1. e4 c5 2. Nf3 d6 3. d4 cxd4 4. Nxd4 Nf6 5. Nc3 a6 6. Be2 e5 7. Nb3 Be7 8. 0-0 0-0 9. Be3 Be6 10. Qd3 Nbd7 11. a4 Rc8 12. a5 Qc7 13. Rfd1 h6 14. Bf3 Bc4 15. Qd2 Be6 16. Qe2 Nh7 17. Qd3 Rfe8 18. h3 Bc4 19. Qd2 Be6 20. Be2 Nhf6 21. Nc1 Rcd8 22. Bf1 Qc6 23. f3 Qc7 24. Qe1 Qc6 25. Qd2 1/2-1/2

[Event "ST-2022-0-00221"]
[Site "LSS email"]
[Date "2022.07.22"]
[Round "?"]
[White "Rita, Giacomo"]
[Black "Pascual Perez, Norge"]
[Result "1/2-1/2"]
[WhiteElo "2438"]
[BlackElo "2401"]
[PlyCount "93"]
[EventDate "2022.04.07"]
[EventType "tourn (corr)"]
[EventRounds "6"]
[EventCountry "GER"]
[SourceTitle "Corr 2024"]
[Source "ChessBase"]
[SourceDate "2023.10.19"]
[SourceVersion "1"]
[SourceVersionDate "2023.10.19"]
[SourceQuality "1"]

1. e4 c5 2. Nf3 d6 3. d4 cxd4 4. Nxd4 Nf6 5. Nc3 a6 6. Be3 e5 7. Nb3 Be6 8. f3 h5 9. Be2 Nbd7 10. a4 Be7 11. 0-0 0-0 12. Nd5 Bxd5 13. exd5 h4 14. Qd2 Nh5 15. Rfd1 b6 16. Rac1 a5 17. Bb5 f5 18. c3 Rf7 19. Rb1 Rb8 20. Rf1 Bf6 21. Kh1 g6 22. Rfe1 Kh8 23. Nc1 g5 24. Qd1 Qg8 25. b4 Qh7 26. Bxd7 Rxd7 27. bxa5 f4 28. Rxb6 Rf8 29. Bf2 g4 30. fxg4 Ng3+ 31. Kg1 e4 32. a6 Bxc3 33. Bd4+ Bxd4+ 34. Qxd4+ Kg8 35. Rb2 f3 36. Rf2 Rdf7 37. gxf3 Rxf3 38. a7 Qf7 39. a8Q Rxa8 40. Rxf3 exf3 41. Qe3 Rxa4 42. Qg5+ Kh7 43. Qxh4+ Kg7 44. Qg5+ Kh7 45. Qh4+ Kg7 46. Qg5+ Kh7 47. Qh4+ 1/2-1/2

[Event "ZH-2022-0-02032"]
[Site "LSS email"]
[Date "2022.05.03"]
[Round "?"]
[White "Simal Moreira, Leonardo"]
[Black "Pascual Perez, Norge"]
[Result "1/2-1/2"]
[WhiteElo "2388"]
[BlackElo "2393"]
[PlyCount "61"]
[EventDate "2022.05.03"]
[EventType "match (corr)"]
[EventRounds "2"]
[EventCountry "GER"]
[SourceTitle "Corr 2024"]
[Source "ChessBase"]
[SourceDate "2023.10.19"]
[SourceVersion "1"]
[SourceVersionDate "2023.10.19"]
[SourceQuality "1"]

1. Nc3 d5 2. d4 Nf6 3. Bf4 c5 4. e3 cxd4 5. exd4 a6 6. Nf3 Nc6 7. Ne5 Bd7 8. Be2 e6 9. 0-0 Qb6 10. Nxc6 Bxc6 11. Rb1 Be7 12. Re1 0-0 13. Bd3 Rfe8 14. h3 Rac8 15. Re3 Bf8 16. a3 g6 17. Ne2 Nh5 18. Bh2 Ba4 19. Nc3 Bc6 20. Ne2 Bh6 21. Rf3 Qd8 22. c3 f6 23. Qc2 Kg7 24. g4 e5 25. dxe5 fxe5 26. gxh5 e4 27. Rg3 d4 28. Rg4 exd3 29. Qxd3 dxc3 30. Rxg6+ hxg6 31. Qxg6+ 1/2-1/2

[Event "ST-2022-0-00215"]
[Site "LSS email"]
[Date "2022.03.10"]
[Round "?"]
[White "Cornel, Matei"]
[Black "Pascual Perez, Norge"]
[Result "1/2-1/2"]
[WhiteElo "2361"]
[BlackElo "2400"]
[PlyCount "55"]
[EventDate "2022.01.06"]
[EventType "tourn (corr)"]
[EventRounds "6"]
[EventCountry "GER"]
[SourceTitle "Corr 2024"]
[Source "ChessBase"]
[SourceDate "2023.10.19"]
[SourceVersion "1"]
[SourceVersionDate "2023.10.19"]
[SourceQuality "1"]

1. d4 Nf6 2. c4 e6 3. Nf3 d5 4. g3 dxc4 5. Bg2 Bb4+ 6. Bd2 a5 7. Qc1 c5 8. a3 Bxd2+ 9. Nbxd2 cxd4 10. Nxc4 0-0 11. 0-0 b5 12. Nce5 Bb7 13. Rd1 Nbd7 14. Nc6 Bxc6 15. Qxc6 e5 16. Nxe5 Nxe5 17. Qxa8 Qxa8 18. Bxa8 Rxa8 19. Rxd4 Kf8 20. Rc1 Nc4 21. a4 Nxb2 22. axb5 Rb8 23. Rc5 a4 24. Rb4 a3 25. Rc1 Nd5 26. Rb3 Na4 27. Rxa3 Ndc3 28. Raxc3 1/2-1/2

[Event "ST-2022-0-00215"]
[Site "LSS email"]
[Date "2022.03.10"]
[Round "?"]
[White "Pascual Perez, Norge"]
[Black "Rita, Giacomo"]
[Result "1/2-1/2"]
[WhiteElo "2400"]
[BlackElo "2434"]
[PlyCount "81"]
[EventDate "2022.01.06"]
[EventType "tourn (corr)"]
[EventRounds "6"]
[EventCountry "GER"]
[SourceTitle "Corr 2024"]
[Source "ChessBase"]
[SourceDate "2023.10.19"]
[SourceVersion "1"]
[SourceVersionDate "2023.10.19"]
[SourceQuality "1"]

1. e4 c5 2. Nf3 d6 3. d4 cxd4 4. Nxd4 Nf6 5. Nc3 a6 6. Be2 e5 7. Nb3 Be7 8. 0-0 0-0 9. Be3 Be6 10. Re1 Nc6 11. f3 b5 12. a4 bxa4 13. Rxa4 Qb8 14. Bc4 Rc8 15. Bxa6 Rd8 16. Bb5 Rxa4 17. Bxa4 Nb4 18. Qe2 Rc8 19. Bf2 d5 20. exd5 Nbxd5 21. Nxd5 Nxd5 22. Qxe5 Qxe5 23. Rxe5 Rxc2 24. Nd4 Rxb2 25. Nxe6 Rb1+ 26. Re1 Rxe1+ 27. Bxe1 fxe6 28. g3 g5 29. Bf2 Bb4 30. Bd7 Kf7 31. Kf1 Ba5 32. Bc6 h6 33. Bb7 Bc7 34. Ke2 Ba5 35. Bc6 Bd8 36. Bb7 Ba5 37. Kf1 Bd8 38. Be1 Ne3+ 39. Ke2 Nf5 40. Be4 Bb6 41. Bc3 1/2-1/2

[Event "ST-2022-0-00215"]
[Site "LSS email"]
[Date "2022.03.10"]
[Round "?"]
[White "Willmann, Bernd"]
[Black "Pascual Perez, Norge"]
[Result "0-1"]
[WhiteElo "2352"]
[BlackElo "2400"]
[PlyCount "132"]
[EventDate "2022.01.06"]
[EventType "tourn (corr)"]
[EventRounds "6"]
[EventCountry "GER"]
[SourceTitle "Corr 2024"]
[Source "ChessBase"]
[SourceDate "2023.10.19"]
[SourceVersion "1"]
[SourceVersionDate "2023.10.19"]
[SourceQuality "1"]

1. e4 e5 2. Nf3 Nc6 3. Bb5 a6 4. Ba4 Nf6 5. 0-0 Be7 6. Re1 b5 7. Bb3 d6 8. c3 0-0 9. h3 Bb7 10. d4 Re8 11. Nbd2 Bf8 12. a3 h6 13. Bc2 Nb8 14. b3 Nbd7 15. Bb2 Rb8 16. Rc1 g6 17. b4 Nh5 18. Nb3 Ba8 19. Na5 c6 20. Qd2 c5 21. Rcd1 c4 22. Bc1 Ndf6 23. d5 Nf4 24. Kh2 h5 25. Bb1 Qd7 26. Qb2 Bg7 27. a4 Rbc8 28. Bd2 Kh8 29. Bxf4 exf4 30. Nd4 Nh7 31. Qd2 Be5 32. Rh1 Rb8 33. Kg1 h4 34. Nf3 Qe7 35. Kh2 Kg7 36. Rhf1 Rbd8 37. Bc2 Qf6 38. Nxe5 dxe5 39. Qe2 Qg5 40. Rg1 Nf6 41. Rge1 Qh5 42. Qxh5 Nxh5 43. Ra1 Nf6 44. Kg1 Rc8 45. Kf1 Red8 46. Kg1 Ne8 47. Rad1 Nd6 48. f3 Re8 49. Ra1 f5 50. Ra2 Kf6 51. Kh2 Red8 52. Rc1 Ne8 53. Rh1 Kg5 54. Re1 Nf6 55. Kg1 Rc7 56. Raa1 Kh6 57. Kh2 g5 58. exf5 Nxd5 59. Be4 Nxc3 60. Bxa8 Rxa8 61. Rxe5 Kg7 62. Rae1 Rd8 63. f6+ Kxf6 64. Re6+ Kf7 65. Rxa6 bxa4 66. Re5 Rd5 0-1

[Event "ST-2021-0-00211"]
[Site "LSS email"]
[Date "2021.12.31"]
[Round "?"]
[White "Pascual Perez, Norge"]
[Black "Enev, Zlatko"]
[Result "1/2-1/2"]
[WhiteElo "2420"]
[BlackElo "2383"]
[PlyCount "52"]
[EventDate "2021.11.28"]
[EventType "tourn (corr)"]
[EventRounds "6"]
[EventCountry "GER"]
[SourceTitle "Corr 2024"]
[Source "ChessBase"]
[SourceDate "2023.10.19"]
[SourceVersion "1"]
[SourceVersionDate "2023.10.19"]
[SourceQuality "1"]

1. Nf3 Nf6 2. g3 g6 3. b3 d5 4. Bb2 c5 5. Bg2 Bg7 6. c4 d4 7. b4 0-0 8. bxc5 Ne4 9. 0-0 Nxc5 10. d3 b6 11. e3 Nc6 12. Nxd4 Nxd4 13. Bxa8 Nf3+ 14. Bxf3 Bxb2 15. d4 Bxa1 16. dxc5 bxc5 17. Nd2 Bg7 18. Ne4 Qa5 19. Qd5 Be6 20. Qxc5 Qxc5 21. Nxc5 Bxc4 22. Rc1 Bxa2 23. Na6 Be6 24. Rc7 Rc8 25. Rxa7 Be5 26. Nb4 Rc1+ 1/2-1/2

[Event "ST-2021-0-00208"]
[Site "LSS email"]
[Date "2021.11.25"]
[Round "?"]
[White "Pascual Perez, Norge"]
[Black "Khorunzhy, Mikhail"]
[Result "1/2-1/2"]
[WhiteElo "2427"]
[BlackElo "2377"]
[PlyCount "67"]
[EventDate "2021.11.14"]
[EventType "tourn (corr)"]
[EventRounds "6"]
[EventCountry "GER"]
[SourceTitle "Corr 2024"]
[Source "ChessBase"]
[SourceDate "2023.10.19"]
[SourceVersion "1"]
[SourceVersionDate "2023.10.19"]
[SourceQuality "1"]

1. e4 c5 2. Nf3 d6 3. Bb5+ Bd7 4. Bxd7+ Qxd7 5. c4 Nf6 6. Nc3 e6 7. d4 cxd4 8. Nxd4 Be7 9. Be3 0-0 10. Qe2 a6 11. 0-0 Nc6 12. Rac1 h6 13. Rfd1 Nxd4 14. Bxd4 Qc7 15. b3 Rfd8 16. a4 Nd7 17. Kh1 Rac8 18. f4 Bf6 19. Rb1 Bxd4 20. Rxd4 Nc5 21. Rdd1 Re8 22. Qc2 Rcd8 23. h3 a5 24. Rf1 Qe7 25. Rbe1 Rd7 26. Re3 Rc8 27. Kh2 Rcd8 28. Rg3 Kh8 29. Qd1 Qf6 30. Rgf3 g6 31. Re3 b6 32. Kg1 Qg7 33. Rg3 Kh7 34. Kh2 1/2-1/2

[Event "ST-2021-0-00208"]
[Site "LSS email"]
[Date "2021.11.25"]
[Round "?"]
[White "Pascual Perez, Norge"]
[Black "Willmann, Bernd"]
[Result "1/2-1/2"]
[WhiteElo "2427"]
[BlackElo "2370"]
[PlyCount "41"]
[EventDate "2021.11.14"]
[EventType "tourn (corr)"]
[EventRounds "6"]
[EventCountry "GER"]
[SourceTitle "Corr 2024"]
[Source "ChessBase"]
[SourceDate "2023.10.19"]
[SourceVersion "1"]
[SourceVersionDate "2023.10.19"]
[SourceQuality "1"]

1. e4 c5 2. Nf3 d6 3. d4 cxd4 4. Nxd4 Nf6 5. Nc3 a6 6. Bg5 e6 7. f4 Qb6 8. Qd2 Qxb2 9. Rb1 Qa3 10. e5 h6 11. Bh4 dxe5 12. fxe5 g5 13. exf6 gxh4 14. Be2 Qa5 15. 0-0 Nd7 16. Kh1 Qg5 17. Qe1 h3 18. gxh3 Qe5 19. Qf2 Qc7 20. Qe3 Ne5 21. Nf3 1/2-1/2

[Event "ST-2021-0-00208"]
[Site "LSS email"]
[Date "2021.11.25"]
[Round "?"]
[White "Sorcinelli, Andrea"]
[Black "Pascual Perez, Norge"]
[Result "1/2-1/2"]
[WhiteElo "2363"]
[BlackElo "2427"]
[PlyCount "76"]
[EventDate "2021.11.14"]
[EventType "tourn (corr)"]
[EventRounds "6"]
[EventCountry "GER"]
[SourceTitle "Corr 2024"]
[Source "ChessBase"]
[SourceDate "2023.10.19"]
[SourceVersion "1"]
[SourceVersionDate "2023.10.19"]
[SourceQuality "1"]

1. e4 c5 2. Nf3 d6 3. d4 cxd4 4. Nxd4 Nf6 5. Nc3 g6 6. Be3 Bg7 7. Be2 Nc6 8. 0-0 0-0 9. Nb3 Be6 10. f4 Qc8 11. h3 Rd8 12. Nd4 Bd7 13. Bd3 Nxd4 14. Bxd4 b5 15. f5 Bc6 16. Qe1 Qb7 17. Qh4 Re8 18. Rae1 Nd7 19. Ne2 Ne5 20. Kh1 Rac8 21. b3 b4 22. Qf4 e6 23. fxe6 Rxe6 24. Qh4 Ree8 25. Ba1 Rc7 26. Nd4 Qb6 27. Nxc6 Qxc6 28. Rd1 h5 29. Qg5 Ree7 30. Rd2 Qc5 31. Qh4 Re8 32. Bb2 Qc6 33. Qg5 a5 34. Rdf2 Nxd3 35. cxd3 Bxb2 36. Rxb2 Qc5 37. Qxc5 Rxc5 38. Rf4 Kg7 1/2-1/2

[Event "ST-2021-0-00207"]
[Site "LSS email"]
[Date "2021.11.22"]
[Round "?"]
[White "Kahl, Fred"]
[Black "Pascual Perez, Norge"]
[Result "1/2-1/2"]
[WhiteElo "2418"]
[BlackElo "2427"]
[PlyCount "65"]
[EventDate "2021.10.30"]
[EventType "tourn (corr)"]
[EventRounds "6"]
[EventCountry "GER"]
[SourceTitle "Corr 2024"]
[Source "ChessBase"]
[SourceDate "2023.10.19"]
[SourceVersion "1"]
[SourceVersionDate "2023.10.19"]
[SourceQuality "1"]

1. d4 Nf6 2. Nc3 d5 3. Bf4 c5 4. e3 cxd4 5. exd4 a6 6. Nf3 Nc6 7. Ne5 Bd7 8. Ne2 e6 9. c3 Nxe5 10. dxe5 Ne4 11. Nd4 Qc7 12. Bd3 g5 13. Be3 Qxe5 14. 0-0 Rg8 15. Re1 f5 16. c4 g4 17. cxd5 Qxd5 18. Qe2 Rc8 19. Bc2 Rg6 20. Red1 Qe5 21. Rac1 Nf6 22. Qd3 Rc7 23. a3 Bh6 24. Re1 Bxe3 25. Rxe3 Ne4 26. Rd1 Qc5 27. b4 Qc4 28. Rde1 Qxd3 29. Bxd3 Kf7 30. Bxe4 fxe4 31. Rxe4 Rc3 32. R4e3 Rxe3 33. Rxe3 1/2-1/2

[Event "ST-2021-0-00205"]
[Site "LSS email"]
[Date "2021.11.14"]
[Round "?"]
[White "Marwitz, Ullrich"]
[Black "Pascual Perez, Norge"]
[Result "1/2-1/2"]
[WhiteElo "2362"]
[BlackElo "2427"]
[PlyCount "33"]
[EventDate "2021.10.21"]
[EventType "tourn (corr)"]
[EventRounds "6"]
[EventCountry "GER"]
[SourceTitle "Corr 2024"]
[Source "ChessBase"]
[SourceDate "2023.10.19"]
[SourceVersion "1"]
[SourceVersionDate "2023.10.19"]
[SourceQuality "1"]

1. c4 Nf6 2. Nc3 e6 3. e4 d5 4. cxd5 exd5 5. e5 Ne4 6. Nf3 Bf5 7. d3 Nxc3 8. bxc3 c5 9. d4 Qa5 10. Bd2 Nc6 11. c4 Qd8 12. Qb3 Be6 13. Qxb7 Rc8 14. Ng5 Nxd4 15. Nxe6 fxe6 16. Rb1 Be7 17. Bd3 1/2-1/2

[Event "ST-2021-0-00205"]
[Site "LSS email"]
[Date "2021.11.14"]
[Round "?"]
[White "Pascual Perez, Norge"]
[Black "Kahl, Fred"]
[Result "1/2-1/2"]
[WhiteElo "2427"]
[BlackElo "2411"]
[PlyCount "74"]
[EventDate "2021.10.21"]
[EventType "tourn (corr)"]
[EventRounds "6"]
[EventCountry "GER"]
[SourceTitle "Corr 2024"]
[Source "ChessBase"]
[SourceDate "2023.10.19"]
[SourceVersion "1"]
[SourceVersionDate "2023.10.19"]
[SourceQuality "1"]

1. d4 d5 2. c4 c6 3. Nf3 Nf6 4. Nc3 e6 5. e3 Nbd7 6. Bd3 dxc4 7. Bxc4 b5 8. Bd3 Bb7 9. e4 b4 10. Na4 c5 11. e5 Nd5 12. 0-0 cxd4 13. Nxd4 Be7 14. Re1 0-0 15. Qg4 Re8 16. Bh6 Bf8 17. Rad1 Rc8 18. h4 Kh8 19. Bg5 Qc7 20. Rc1 Qb8 21. Qe4 f5 22. Rxc8 Qxc8 23. Qe2 a6 24. Bd2 Qc7 25. h5 h6 26. Bxa6 Bxa6 27. Qxa6 Nxe5 28. Nxe6 Qc2 29. Nxf8 Qxd2 30. Ng6+ Kh7 31. Rxe5 Rxe5 32. Nxe5 Qe1+ 33. Qf1 Qxe5 34. g3 Kh8 35. Qd1 Nf6 36. Qd8+ Kh7 37. Qd1 Kh8 1/2-1/2

[Event "ST-2021-0-00202"]
[Site "LSS email"]
[Date "2021.10.18"]
[Round "?"]
[White "Pascual Perez, Norge"]
[Black "Sorcinelli, Andrea"]
[Result "1/2-1/2"]
[WhiteElo "2436"]
[BlackElo "2368"]
[PlyCount "95"]
[EventDate "2021.08.29"]
[EventType "tourn (corr)"]
[EventRounds "6"]
[EventCountry "GER"]
[SourceTitle "Corr 2024"]
[Source "ChessBase"]
[SourceDate "2023.10.19"]
[SourceVersion "1"]
[SourceVersionDate "2023.10.19"]
[SourceQuality "1"]

1. d4 Nf6 2. c4 e6 3. Nc3 Bb4 4. f3 d5 5. a3 Bxc3+ 6. bxc3 c5 7. cxd5 Nxd5 8. dxc5 Qa5 9. e4 Ne7 10. Be3 0-0 11. Qb3 Qc7 12. Bb5 Nec6 13. Ne2 Na5 14. Qb4 Nbc6 15. Qa4 Bd7 16. 0-0 a6 17. Bxc6 Bxc6 18. Qb4 Bb5 19. Rfe1 Nc6 20. Qb3 Na5 21. Qb4 Nc6 22. Qb3 Na5 23. Qb1 Bxe2 24. Rxe2 Rab8 25. Qa2 Rfd8 26. Rb1 h6 27. Ree1 Qe5 28. Bd4 Qc7 29. h3 Nc6 30. Qb2 Qa5 31. Kh2 Rd7 32. e5 Rbd8 33. Re4 Kf8 34. h4 Kg8 35. Kh3 Qa4 36. Qb3 Qxb3 37. Rxb3 h5 38. Kg3 Kh7 39. Kf4 Kh6 40. Ke3 Rc7 41. Rb6 Rd5 42. g4 g6 43. Kd3 hxg4 44. fxg4 g5 45. h5 Rcd7 46. Kc4 Kh7 47. Kb3 Kh6 48. Kc4 1/2-1/2

[Event "ST-2021-0-00199"]
[Site "LSS email"]
[Date "2021.09.22"]
[Round "?"]
[White "Sorcinelli, Andrea"]
[Black "Pascual Perez, Norge"]
[Result "1/2-1/2"]
[WhiteElo "2373"]
[BlackElo "2432"]
[PlyCount "71"]
[EventDate "2021.07.29"]
[EventType "tourn (corr)"]
[EventRounds "6"]
[EventCountry "GER"]
[SourceTitle "Corr 2024"]
[Source "ChessBase"]
[SourceDate "2023.10.19"]
[SourceVersion "1"]
[SourceVersionDate "2023.10.19"]
[SourceQuality "1"]

1. e4 c5 2. Nf3 d6 3. d4 cxd4 4. Nxd4 Nf6 5. Nc3 a6 6. g3 e5 7. Nb3 Be7 8. Bg5 Be6 9. f4 exf4 10. Bxf4 Nc6 11. Qd2 Rc8 12. 0-0-0 0-0 13. Bxd6 Bg4 14. Bxe7 Qxe7 15. Re1 Ne5 16. Qf4 Bf3 17. Rg1 h6 18. Kb1 Rxc3 19. bxc3 Rc8 20. g4 g5 21. Qe3 Nfxg4 22. Qd2 Nf6 23. Bd3 Bg4 24. Nd4 Qa3 25. h4 Rxc3 26. Nb3 Qb4 27. Qf2 Nfd7 28. Ref1 f6 29. hxg5 hxg5 30. Rxg4 Nxg4 31. Qg3 Nde5 32. Rxf6 Nxf6 33. Qxe5 Rc6 34. Qxg5+ Kf7 35. a3 Qe1+ 36. Ka2 1/2-1/2

[Event "WC-2021-S-00001"]
[Site "LSS email"]
[Date "2021.05.24"]
[Round "?"]
[White "Kuhne, Detlev"]
[Black "Pascual Perez, Norge"]
[Result "1/2-1/2"]
[WhiteElo "2475"]
[BlackElo "2433"]
[PlyCount "88"]
[EventDate "2021.05.24"]
[EventType "tourn (corr)"]
[EventRounds "12"]
[EventCountry "GER"]
[SourceTitle "Corr 2024"]
[Source "ChessBase"]
[SourceDate "2023.10.19"]
[SourceVersion "1"]
[SourceVersionDate "2023.10.19"]
[SourceQuality "1"]

1. Nf3 d5 2. d4 Nf6 3. c4 e6 4. Nc3 Bb4 5. Bg5 dxc4 6. e4 c5 7. Bxc4 cxd4 8. Nxd4 Qa5 9. Bd2 Qc5 10. Bb5+ Bd7 11. Nb3 Qe7 12. Bd3 Nc6 13. 0-0 0-0 14. a3 Bd6 15. Kh1 Ne5 16. Be2 Ng6 17. f4 e5 18. f5 Nf4 19. Bf3 h6 20. g3 Nd3 21. Qc2 Nc5 22. g4 Nxb3 23. Qxb3 Bc6 24. g5 hxg5 25. Bxg5 Bc5 26. Qc2 Rfd8 27. Qg2 Rd6 28. Rae1 Bd4 29. Ne2 Bb6 30. Nf4 Qf8 31. Nd5 Bxd5 32. exd5 Bd4 33. Be3 Rad8 34. Bxd4 exd4 35. Rg1 Nxd5 36. Re4 g6 37. Qh3 Qg7 38. fxg6 Rxg6 39. Rxg6 fxg6 40. Qe6+ Qf7 41. Qxf7+ Kxf7 42. Rxd4 Ke6 43. h4 Ke5 44. Rd2 b5 1/2-1/2

[Event "WC-2021-S-00001"]
[Site "LSS email"]
[Date "2021.05.24"]
[Round "?"]
[White "Massimini Gerbino, Massimiliano"]
[Black "Pascual Perez, Norge"]
[Result "1/2-1/2"]
[WhiteElo "2358"]
[BlackElo "2433"]
[PlyCount "74"]
[EventDate "2021.05.24"]
[EventType "tourn (corr)"]
[EventRounds "12"]
[EventCountry "GER"]
[SourceTitle "Corr 2024"]
[Source "ChessBase"]
[SourceDate "2023.10.19"]
[SourceVersion "1"]
[SourceVersionDate "2023.10.19"]
[SourceQuality "1"]

1. d4 Nf6 2. c4 e6 3. Nf3 d5 4. Nc3 Bb4 5. Bg5 h6 6. Bxf6 Qxf6 7. e3 0-0 8. Rc1 dxc4 9. Bxc4 c5 10. 0-0 cxd4 11. Nxd4 Bd7 12. a3 Bxc3 13. Rxc3 Nc6 14. Nb3 Ne5 15. Be2 Bc6 16. Nd4 Bd5 17. Qc2 Nc6 18. Nf3 Ne5 19. Nd4 Nc6 20. Rd1 Nxd4 21. Rxd4 Rad8 22. b4 a6 23. h3 Bc6 24. Bxa6 Rxd4 25. exd4 Qxd4 26. Be2 g6 27. b5 Bd5 28. Bf3 Bxf3 29. gxf3 Qh4 30. a4 Qxh3 31. Rc8 Qxf3 32. Rxf8+ Kxf8 33. a5 Qg4+ 34. Kf1 Qh3+ 35. Kg1 Qg4+ 36. Kf1 Qh3+ 37. Kg1 Qg4+ 1/2-1/2

[Event "WC-2021-S-00001"]
[Site "LSS email"]
[Date "2021.05.24"]
[Round "?"]
[White "Pascual Perez, Norge"]
[Black "Massimini Gerbino, Massimiliano"]
[Result "1/2-1/2"]
[WhiteElo "2433"]
[BlackElo "2358"]
[PlyCount "84"]
[EventDate "2021.05.24"]
[EventType "tourn (corr)"]
[EventRounds "12"]
[EventCountry "GER"]
[SourceTitle "Corr 2024"]
[Source "ChessBase"]
[SourceDate "2023.10.19"]
[SourceVersion "1"]
[SourceVersionDate "2023.10.19"]
[SourceQuality "1"]

1. e4 c5 2. Nf3 d6 3. d4 cxd4 4. Nxd4 Nf6 5. Nc3 a6 6. Bg5 e6 7. f4 Be7 8. Qf3 Qc7 9. 0-0-0 Nbd7 10. g4 b5 11. Bxf6 Nxf6 12. g5 Nd7 13. f5 0-0 14. Rg1 b4 15. Nce2 e5 16. f6 exd4 17. fxe7 Re8 18. Nxd4 Ne5 19. Qb3 Bg4 20. Rd2 a5 21. Nf5 Bxf5 22. exf5 Rxe7 23. f6 Ree8 24. Be2 Re6 25. fxg7 Rb8 26. Rgd1 Rc8 27. h4 Nc4 28. Bxc4 Qxc4 29. Qxc4 Rxc4 30. h5 Kxg7 31. Rxd6 Rg4 32. R6d5 a4 33. Rf1 a3 34. Rd7 Rxg5 35. bxa3 bxa3 36. Rfxf7+ Kg8 37. Rxh7 Re2 38. h6 Rg1+ 39. Rd1 Rxc2+ 40. Kxc2 Rg2+ 41. Kb3 Rg3+ 42. Kb4 Kxh7 1/2-1/2